Statistics for Most Populous Countries Without a 5 Million Urban Area

Click here to take the quiz!

General Stats

  • This quiz has been taken 66 times
  • The average score is 11 of 15

Answer Stats

Population Country Hint % Correct
38,170,712PolandEurope
92%
104,957,438EthiopiaAfrica
90%
44,222,947UkraineEurope
90%
41,318,142AlgeriaAfrica
85%
42,862,958UgandaAfrica
80%
31,977,065VenezuelaAmericas
76%
35,739,580MoroccoAfrica
76%
28,833,629GhanaAfrica
73%
35,530,081AfghanistanAsia
73%
31,910,641UzbekistanAsia
71%
29,668,834MozambiqueAfrica
71%
25,490,965North KoreaAsia
69%
29,304,998NepalAsia
69%
28,250,420YemenAsia
59%
25,570,895MadagascarAfrica
59%

Score Distribution

Percentile by Number Answered

Percent of People with Each Score

Your Score History

You have not taken this quiz